00666 2200241 4500001002100000005001500021035002000036245010200056100001900158250000600177300003500183700001800218260004400236082000800280084001400288020002200302650001500324990001700339990001700356990001700373990001700390990001700407INLIS00000000000008120180822114529 a0010-08180000451 aSeri Matematika Untuk Anak-Anak :bMengenal Bangun Ruang /cDewi Islamiyah; Editor, Aminudin Aziz0 aDewi Islamiyah a- aiv, 52 hlm. :bilus. ;c25 cm.0 aAminudin Aziz aBandung :bGraha Bandung Kencana,c2009 a510 a510 DEW s a978-602-8363-04-4 aMatematika a00323/P/2018 a00324/P/2018 a00325/P/2018 a00326/P/2018 a00327/P/2018